Państwa produkujące najwięcej wanilii - Statystyki

Ogólne statystyki
  • Ten quiz został rozwiązany 17 razy
  • Średni wynik to 4 z 10
Statystyki odpowiedzi
Tony Kraj % Poprawnych
434,37 Chiny
100%
1832,75 Indonezja
73%
507,87 Meksyk
73%
3113,57 Madagaskar
53%
396,65 Turcja
33%
491,28 Papua-Nowa Gwinea
27%
219,43 Komory
20%
184,50 Uganda
20%
19,93 Malawi
7%
196,03 Tonga
7%
Nie znaleziono quizów pasujących do podanych kryteriów
Rozkład punktacji
Procent ludzi z każdym wynikiem
Percentyl według liczby udzielonych odpowiedzi
Twoja historia wyników
Nie rozwiązałeś tego quizu